Score 0/18 Timer 03:00
0 Plays Today
Movie Missing Word % Correct
Jailhouse ____Rock
99%
Love Me ______Tender
97.5%
Girls! _____ Girls!Girls!
91.4%
Viva ___ VegasLas
88%
Easy ____ , Easy GoCome
83.7%
____ CreoleKing
77.9%
Blue ______Hawaii
70.6%
The _______ with GirlsTrouble
68.4%
______ CousinsKissin'
68.3%
Movie Missing Word % Correct
G.I. _____Blues
60.9%
_______ and JohnnyFrankie
54.7%
______ TroubleDouble
49.4%
Flaming ____Star
40.7%
Follow That _____Dream
40%
Wild in the _______Country
38.5%
Kid _______Galahad
35.6%
______ of HabitChange
32.5%
Fun in ________Acapulco
28.8%

Today's Daily Dose

Missing Word
Train Books

Word Ladder
Piano Man

Quick Pick
Google Products

Get the Picture
Moana or Coco

Remove Ads.
Support Sporcle.
Get the best of Sporcle when you Go Orange. This ad-free experience offers more features, more stats, and more fun while also helping to support Sporcle. Thank you for becoming a member.

You're not logged in!

Compare scores with friends on all Sporcle quizzes.
OR
Log In

Show Comments

Extras

Top Quizzes Today


Score Distribution

Your Account Isn't Verified!

In order to create a playlist on Sporcle, you need to verify the email address you used during registration. Go to your Sporcle Settings to finish the process.

Report this User

Report this user for behavior that violates our Community Guidelines.

Details: